[Event "5. Kaltern-Trophy 2022 Open B"]
[Site "Kaltern"]
[Date "2022.10.21"]
[Round "1"]
[Board "15"]
[White "Tomio, Dante"]
[Black "Tomisich, Claudio"]
[Result "0-1"]
[WhiteElo "1678"]
[BlackElo "1438"]
[PlyCount "166"]
[EventDate "2022.10.21"]
[EventRounds "5"]
[EventCountry "ITA"]

1. d4 Nf6 2. c4 g6 3. g3 Bg7 4. Bg2 d6 5. Nf3 O-O 6. O-O Nbd7 7. Nc3 e5 8. d5 Re8
9. e4 Nb6 10. b3 Bd7 11. h3 Qc8 12. Kh2 Nh5 13. a4 a5 14. Ne1 Qd8 15. Be3 Nc8 16.
c5 dxc5 17. Bxc5 Nd6 18. Rc1 b6 19. Be3 f5 20. Qd2 Rf8 21. Bg5 Bf6 22. Bxf6 Nxf6
23. exf5 Nxf5 24. Nf3 e4 25. Ne5 Re8 26. Nxd7 Qxd7 27. Rfe1 Nd6 28. Ne2 Rac8 29.
Qg5 Qf5 30. Qxf5 gxf5 31. Nf4 Re5 32. Red1 Kf7 33. Rc6 Ke7 34. Bf1 e3 35. fxe3 Rxe3
36. Ba6 Rg8 37. Rxc7+ Nd7 38. Rd3 Rgxg3 39. Rxe3+ Rxe3 40. Nd3 Kd8 41. Rc6 Ke7 42.
Rc7 Kd8 43. Rc2 Nb8 44. Nc5 bxc5 45. Rxc5 Nxa6 46. Rc6 Kd7 47. Rxa6 Rxb3 48. Ra7+
Nb7 49. Kg2 Kd6 50. Ra6+ Kxd5 51. Rh6 Nc5 52. Rxh7 Nxa4 53. Ra7 Rb5 54. h4 Nc5 55.
h5 a4 56. h6 Rb6 57. h7 Rh6 58. Kf3 Ke5 59. Ra5 Kd4 60. Ra7 Ke5 61. Ra5 Rxh7 62.
Rxc5+ Kf6 63. Ra5 Rh4 64. Kg3 Rb4 65. Kf3 Kg5 66. Ra8 Rb3+ 67. Ke2 a3 68. Kd2 f4
69. Rg8+ Kf5 70. Rf8+ Ke4 71. Re8+ Kf3 72. Kc2 a2 73. Ra8 Re3 74. Kb2 Re2+ 75. Ka1
Kf2 76. Rf8 Re1+ 77. Kxa2 f3 78. Kb2 Ke2 79. Re8+ Kf1 80. Rf8 f2 81. Kc2 Kg2 82.
Rg8+ Kh3 83. Rh8+ Kg4  0-1

[Event "5. Kaltern-Trophy 2022 Open B"]
[Site "Kaltern"]
[Date "2022.10.21"]
[Round "1"]
[Board "16"]
[White "Sodomaco, Andrea"]
[Black "Lantschner, Carmen"]
[Result "0-1"]
[WhiteElo "1408"]
[BlackElo "1673"]
[PlyCount "38"]
[EventDate "2022.10.21"]
[EventRounds "5"]
[EventCountry "ITA"]

1. e4 d6 2. d4 g6 3. Nf3 Bg7 4. c3 Nf6 5. Bd3 b6 6. O-O Bb7 7. Re1 O-O 8. e5 dxe5
9. Nxe5 Nc6 10. Bf4 e6 11. Qd2 Nxe5 12. dxe5 Qd5 13. f3 Nd7 14. Be4 Qxd2 15. Nxd2
Bxe4 16. Nxe4 Nxe5 17. Rad1 Rad8 18. Nd2 Nd3 19. Re4 Nxb2  0-1

[Event "5. Kaltern-Trophy 2022 Open B"]
[Site "Kaltern"]
[Date "2022.10.21"]
[Round "1"]
[Board "17"]
[White "Zanin, Luca"]
[Black "Boaron, Arianna"]
[Result "1/2-1/2"]
[WhiteElo "1669"]
[BlackElo "1381"]
[PlyCount "99"]
[EventDate "2022.10.21"]
[EventRounds "5"]
[EventCountry "ITA"]

1. d4 Nf6 2. Nf3 c5 3. d5 e6 4. Nc3 d6 5. e4 a6 6. a4 Be7 7. Be2 exd5 8. exd5 O-O
9. O-O Re8 10. Re1 Nbd7 11. b3 Nf8 12. Bb2 Ng6 13. Qd2 Bd7 14. Bd3 Qc7 15. a5 Bg4
16. Ng5 Ne5 17. Bf1 c4 18. b4 h6 19. Nge4 Bf5 20. Rab1 Rac8 21. Ng3 Bh7 22. f4 Ng6
23. Be2 b6 24. Na4 b5 25. Nc3 Nh4 26. Rf1 Nf5 27. Bf3 Nxg3 28. hxg3 Bf5 29. Rbe1
Bg4 30. Kh2 Bf8 31. Qd4 Qd7 32. Nd1 Qf5 33. Ne3 Qh5+ 34. Kg1 Bxf3 35. gxf3 Qg6 36.
Kf2 Rxe3 37. Rxe3 Qxc2+ 38. Re2 Qd3 39. Rd2 Qf5 40. Bc3 Qh3 41. Rg1 h5 42. Rdd1 h4
43. g4 Re8 44. Rde1 Rxe1 45. Bxe1 Be7 46. Bc3 Qh2+ 47. Rg2 Qh1 48. Rg1 Qh2+ 49. Rg2
Qh1 50. Rg1  1/2-1/2

[Event "5. Kaltern-Trophy 2022 Open B"]
[Site "Kaltern"]
[Date "2022.10.21"]
[Round "1"]
[Board "18"]
[White "Agolzer, Luca"]
[Black "Stivaletta, Andrea"]
[Result "1/2-1/2"]
[WhiteElo "1369"]
[BlackElo "1667"]
[PlyCount "43"]
[EventDate "2022.10.21"]
[EventRounds "5"]
[EventCountry "ITA"]

1. e4 e5 2. Nf3 Nc6 3. Bb5 a6 4. Ba4 Nf6 5. O-O b5 6. Bb3 Be7 7. Re1 d6 8. c3 O-O
9. h3 Be6 10. Bc2 d5 11. exd5 Qxd5 12. Bb3 Qd6 13. Bxe6 Qxe6 14. d4 Bd6 15. dxe5
Nxe5 16. Nxe5 Bxe5 17. f4 Rad8 18. Qe2 Bd6 19. Qxe6 fxe6 20. g3 Bc5+ 21. Kg2 Rd6
22. Nd2  1/2-1/2

[Event "5. Kaltern-Trophy 2022 Open B"]
[Site "Kaltern"]
[Date "2022.10.21"]
[Round "1"]
[Board "19"]
[White "Budai, Federico"]
[Black "Cebanu, Alice"]
[Result "1-0"]
[WhiteElo "1666"]
[BlackElo "1354"]
[PlyCount "115"]
[EventDate "2022.10.21"]
[EventRounds "5"]
[EventCountry "ITA"]

1. e4 c5 2. Nf3 Nc6 3. d4 cxd4 4. Nxd4 Nf6 5. Nc3 e5 6. Nb3 Bb4 7. Qd3 d5 8. exd5
Nxd5 9. Bd2 Bxc3 10. bxc3 O-O 11. O-O-O f5 12. f3 f4 13. Qb5 Nce7 14. Bc4 a6 15.
Qc5 Be6 16. Bxd5 Nxd5 17. Rhe1 Rc8 18. Qa5 Qxa5 19. Nxa5 Nxc3 20. Bxc3 Rxc3 21. Rxe5
Bf5 22. Rd2 Re3 23. Nc4 Rxe5 24. Nxe5 Rc8 25. Kb2 Kf8 26. Nd7+ Ke7 27. Nb6 Rc5 28.
Nd5+ Ke6 29. Nxf4+ Ke5 30. Nd3+ Bxd3 31. Rxd3 Rc7 32. g3 h6 33. Kb3 b5 34. c3 g5
35. Rd4 Rc6 36. Kc2 a5 37. Kd3 Rf6 38. Re4+ Kd5 39. f4 gxf4 40. Rxf4 Re6 41. Rf5+
Kc6 42. Rf4 Kc5 43. Rf5+ Kc6 44. a3 Rd6+ 45. Ke3 Re6+ 46. Kd3 Rd6+ 47. Kc2 a4 48.
g4 Re6 49. Kd2 Rd6+ 50. Kc2 Re6 51. Rf2 Rd6 52. h4 Rg6 53. Rf4 Kd5 54. Kd3 Kc5 55.
Rf5+ Kc6 56. g5 hxg5 57. hxg5 Rd6+ 58. Kc2  1-0

[Event "5. Kaltern-Trophy 2022 Open B"]
[Site "Kaltern"]
[Date "2022.10.21"]
[Round "1"]
[Board "20"]
[White "Cavallaro, Manlio"]
[Black "Lehner-Dittenberger, Paul"]
[Result "0-1"]
[WhiteElo "1292"]
[BlackElo "1644"]
[PlyCount "89"]
[EventDate "2022.10.21"]
[EventRounds "5"]
[EventCountry "ITA"]

1. e4 g6 2. d4 d6 3. Nf3 Bg7 4. c3 Nc6 5. Bb5 Bd7 6. Qa4 Nf6 7. d5 Nb8 8. Be3 a6
9. Bxd7+ Qxd7 10. Qb4 c5 11. Qc4 b5 12. Qd3 Qg4 13. Nbd2 Qxg2 14. O-O-O O-O 15. h3
Nbd7 16. Rdg1 c4 17. Qe2 Qxh1 18. Rxh1 Rfc8 19. Bd4 a5 20. Ne1 Nh5 21. Bxg7 Kxg7
22. Qe3 b4 23. Qd4+ Ne5 24. f4 Nxf4 25. Rh2 f6 26. Ndf3 Nf7 27. Nd2 Ne5 28. Ndf3
Nf7 29. h4 a4 30. cxb4 a3 31. Kd1 axb2 32. Qxb2 Nh6 33. Ng5 Ng4 34. Rc2 Ne3+ 35.
Kd2 Nxc2 36. Qxc2 fxg5 37. hxg5 Ra3 38. Qb1 Rca8 39. Nc2 Rxa2 40. Ke3 Nd3 41. Qd1
Ne5 42. b5 Rb2 43. Nd4 Ra3+ 44. Kf4 Rf2+ 45. Nf3  0-1

[Event "5. Kaltern-Trophy 2022 Open B"]
[Site "Kaltern"]
[Date "2022.10.21"]
[Round "1"]
[Board "21"]
[White "Mancin, Michele"]
[Black "Marinig, Lorenzo"]
[Result "1/2-1/2"]
[WhiteElo "1606"]
[BlackElo "1257"]
[PlyCount "52"]
[EventDate "2022.10.21"]
[EventRounds "5"]
[EventCountry "ITA"]

1. e4 d5 2. exd5 Qxd5 3. Nc3 Qa5 4. d4 c6 5. h3 Bf5 6. Nf3 Nf6 7. Bd2 Qc7 8. Bc4
e6 9. O-O Bd6 10. Re1 O-O 11. Nh4 Bg6 12. Nxg6 hxg6 13. Bg5 Nbd7 14. Ne4 Nxe4 15.
Rxe4 Nf6 16. Re1 Bf4 17. Bxf6 gxf6 18. Qf3 Bg5 19. g3 f5 20. h4 Bf6 21. c3 Kg7 22.
Kg2 Rh8 23. Rh1 Rh5 24. Be2 Rah8 25. Qd3 R5h7 26. Bf3 g5  1/2-1/2

[Event "5. Kaltern-Trophy 2022 Open B"]
[Site "Kaltern"]
[Date "2022.10.21"]
[Round "1"]
[Board "22"]
[White "Sartori, Stefano"]
[Black "Morganti, Lionello"]
[Result "0-1"]
[WhiteElo "1229"]
[BlackElo "1594"]
[PlyCount "50"]
[EventDate "2022.10.21"]
[EventRounds "5"]
[EventCountry "ITA"]

1. d4 Nf6 2. e3 d6 3. Bd3 g6 4. f4 Bg7 5. Nf3 O-O 6. O-O c5 7. c3 Nc6 8. Nbd2 a6
9. h3 b5 10. Re1 c4 11. Bc2 Qc7 12. Nf1 e5 13. Ng3 Bb7 14. d5 Nxd5 15. Ne4 Nce7 16.
Qe2 Qb6 17. Kh1 Nf5 18. Qf2 Rfe8 19. g4 Nfe7 20. f5 Nf6 21. Nxf6+ Bxf6 22. fxg6 fxg6
23. Kg1 Rf8 24. e4 Qxf2+ 25. Kxf2 Bh4+  0-1

[Event "5. Kaltern-Trophy 2022 Open B"]
[Site "Kaltern"]
[Date "2022.10.21"]
[Round "1"]
[Board "23"]
[White "Gouali, Ameziane"]
[Black "Ribechi, Federico"]
[Result "1-0"]
[WhiteElo "1572"]
[BlackElo "999"]
[PlyCount "107"]
[EventDate "2022.10.21"]
[EventRounds "5"]
[EventCountry "ITA"]

1. e4 e5 2. Nf3 f5 3. Nxe5 Qf6 4. d4 d6 5. Nc4 fxe4 6. Nc3 Qg6 7. f3 Bf5 8. Nd5 Qf7
9. Nc3 Nf6 10. fxe4 Nxe4 11. Qf3 d5 12. Ne5 Qe6 13. Bf4 Bb4 14. Be2 O-O 15. O-O c6
16. Nxe4 Bxe4 17. Qb3 Qe7 18. c4 Na6 19. Bd3 Bxd3 20. Qxd3 Rad8 21. a3 Bd6 22. Rae1
Qh4 23. Bg3 Qh5 24. cxd5 c5 25. dxc5 Nxc5 26. Qc4 b6 27. b4 Na4 28. Qb3 b5 29. Nc6
Rxf1+ 30. Rxf1 Bxg3 31. Ne7+ Kh8 32. Qxg3 Qh6 33. Qf3 g6 34. Qf6+ Qg7 35. Qxg7+ Kxg7
36. Rf3 Nb6 37. Nc6 Rd7 38. Re3 Nxd5 39. Rd3 a6 40. Kf2 Kf6 41. Kf3 Ke6 42. Ke4 Nf6+
43. Ke3 Ng4+ 44. Ke4 Rxd3 45. Kxd3 Kd6 46. Nb8 Nxh2 47. Nxa6 Ng4 48. Nc5 Ne5+ 49.
Kd4 Nc6+ 50. Ke4 h6 51. Nd3 Ne7 52. Ne5 Ke6 53. Nf3 Kd6 54. Nd4  1-0

[Event "5. Kaltern-Trophy 2022 Open B"]
[Site "Kaltern"]
[Date "2022.10.22"]
[Round "2"]
[Board "1"]
[White "Kuespert, Erwin"]
[Black "Lehner-Dittenberger, Paul"]
[Result "1-0"]
[WhiteElo "1778"]
[BlackElo "1644"]
[PlyCount "95"]
[EventDate "2022.10.21"]
[EventRounds "5"]
[EventCountry "ITA"]

1. d4 d5 2. Nf3 Bf5 3. e3 Nf6 4. c4 e6 5. Qb3 b6 6. Nc3 Be7 7. cxd5 exd5 8. Ne5 O-O
9. Be2 Nbd7 10. Nc6 Qe8 11. Nxd5 Nxd5 12. Qxd5 Be6 13. Nxe7+ Qxe7 14. Qb5 c5 15.
O-O cxd4 16. exd4 Nf6 17. Bf3 Rad8 18. Be3 Bd5 19. Bxd5 Rxd5 20. Qb3 Qd6 21. h3 Rh5
22. Qd1 Rd8 23. Qf3 Rd5 24. Rac1 Ne8 25. Rc2 Qd7 26. Rfc1 Kf8 27. Qg3 Kg8 28. Rc6
Kf8 29. Qh4 Kg8 30. Qe4 Kh8 31. Qc2 Kg8 32. Rc8 Rxc8 33. Qxc8 Kf8 34. Qxd7 Rxd7 35.
Kf1 Ke7 36. Ke2 Ke6 37. g4 f5 38. f3 fxg4 39. hxg4 g6 40. Rc6+ Kd5 41. Rc2 Nd6 42.
b3 Rf7 43. a4 a5 44. Bf2 Re7+ 45. Kf1 Rf7 46. Kg2 Rd7 47. Re2 g5 48. Re5+  1-0

[Event "5. Kaltern-Trophy 2022 Open B"]
[Site "Kaltern"]
[Date "2022.10.22"]
[Round "2"]
[Board "2"]
[White "Ciani, Davide"]
[Black "Gouali, Ameziane"]
[Result "1-0"]
[WhiteElo "1730"]
[BlackElo "1572"]
[PlyCount "79"]
[EventDate "2022.10.21"]
[EventRounds "5"]
[EventCountry "ITA"]

1. d4 Nf6 2. c4 g6 3. Nc3 Bg7 4. e4 d6 5. f4 O-O 6. Nf3 c5 7. d5 e6 8. Bd3 exd5 9.
cxd5 Re8 10. O-O Nbd7 11. h3 c4 12. Bc2 Nc5 13. Re1 a6 14. a4 Rb8 15. e5 dxe5 16.
fxe5 Nfd7 17. Bf4 Ra8 18. Kh2 Qb6 19. Rb1 Nb3 20. d6 Qa5 21. Nd5 Rb8 22. Bxb3 cxb3
23. Qxb3 b5 24. Ne7+ Kh8 25. Ng5 Rf8 26. Nxf7+ Rxf7 27. Qxf7 Bb7 28. Nxg6+ hxg6 29.
Qxd7 Qxa4 30. Bg3 Qc2 31. Rg1 Bxg2 32. Rbc1 Bc6+ 33. Rxc2 Bxd7 34. Rc7 Rd8 35. Re1
Be6 36. Re7 Bf5 37. Bh4 Bxe5+ 38. R1xe5 Rxd6 39. Re8+ Kh7 40. R5e7+  1-0

[Event "5. Kaltern-Trophy 2022 Open B"]
[Site "Kaltern"]
[Date "2022.10.22"]
[Round "2"]
[Board "3"]
[White "Morganti, Lionello"]
[Black "Lehner-Dittenberger, Sebastian"]
[Result "1/2-1/2"]
[WhiteElo "1594"]
[BlackElo "1720"]
[PlyCount "81"]
[EventDate "2022.10.21"]
[EventRounds "5"]
[EventCountry "ITA"]

1. e4 e5 2. Nf3 Nc6 3. d4 d6 4. dxe5 dxe5 5. Qxd8+ Kxd8 6. c3 Bd6 7. Bc4 f6 8. Be3
Nge7 9. h3 Bd7 10. Nbd2 Ng6 11. g3 Ke7 12. b4 a6 13. h4 h5 14. Nb3 b6 15. O-O Nf8
16. Nbd2 Ne6 17. Kg2 a5 18. a3 a4 19. Be2 Na7 20. c4 c5 21. b5 Rag8 22. Nb1 g5 23.
Nc3 Nc7 24. Nxa4 Nc8 25. Nc3 Bg4 26. Rh1 Ne6 27. Nd5+ Kf7 28. Ng1 gxh4 29. Rxh4 Nd4
30. Bxd4 exd4 31. Bxg4 Rxg4 32. Rxg4 hxg4 33. f3 gxf3+ 34. Kxf3 Rh2 35. Ne2 d3 36.
Nec3 Be5 37. Rd1 Bxc3 38. Nxc3 Nd6 39. Rxd3 Nxc4 40. Rd7+ Ke6 41. Rb7  1/2-1/2

[Event "5. Kaltern-Trophy 2022 Open B"]
[Site "Kaltern"]
[Date "2022.10.22"]
[Round "2"]
[Board "4"]
[White "Wenski, Wolfgang"]
[Black "Comisso, Daniele"]
[Result "1/2-1/2"]
[WhiteElo "1720"]
[BlackElo "1475"]
[PlyCount "98"]
[EventDate "2022.10.21"]
[EventRounds "5"]
[EventCountry "ITA"]

1. d4 d5 2. c4 e6 3. Nf3 Nd7 4. Nc3 Ngf6 5. Qc2 c5 6. cxd5 exd5 7. Bd2 b6 8. e3 a6
9. Be2 Bd6 10. O-O O-O 11. b3 Bb7 12. Rac1 Rc8 13. Qf5 Qe7 14. Qb1 Ne4 15. Bd3 f5
16. g3 Kh8 17. Ne2 Rf6 18. Kg2 Nf8 19. h4 h6 20. Rh1 Kg8 21. Rce1 b5 22. dxc5 Bxc5
23. Ned4 Ne6 24. Nxe6 Rxe6 25. Bxe4 dxe4 26. Ng1 Rd8 27. Bc3 Bb4 28. Bxb4 Qxb4 29.
Ne2 Rg6 30. Nf4 Rgd6 31. Rd1 Bd5 32. Nxd5 Rxd5 33. Rxd5 Rxd5 34. Rc1 Kh7 35. Rc2
Qd6 36. Qb2 Rd1 37. Rc1 Qd2 38. Qxd2 Rxd2 39. a4 bxa4 40. bxa4 Ra2 41. Rc5 Kg6 42.
Rc6+ Kh5 43. Rxa6 g5 44. hxg5 hxg5 45. Ra8 Kg4 46. a5 Ra1 47. a6 Ra2 48. Ra7 Ra1
49. Ra8 Ra3  1/2-1/2

[Event "5. Kaltern-Trophy 2022 Open B"]
[Site "Kaltern"]
[Date "2022.10.22"]
[Round "2"]
[Board "5"]
[White "Danti, Alessandro"]
[Black "Predan, Luca"]
[Result "1/2-1/2"]
[WhiteElo "1534"]
[BlackElo "1708"]
[PlyCount "62"]
[EventDate "2022.10.21"]
[EventRounds "5"]
[EventCountry "ITA"]

1. d4 Nf6 2. c4 g6 3. Nf3 Bg7 4. g3 O-O 5. Bg2 d6 6. O-O Nbd7 7. d5 e5 8. dxe6 fxe6
9. Nc3 Nb6 10. Qb3 Kh8 11. Bg5 Qe7 12. e4 e5 13. Nd5 Nbxd5 14. exd5 h6 15. Bd2 b6
16. Nh4 Qf7 17. Qc2 Kh7 18. f4 e4 19. f5 gxf5 20. Nxf5 Bxf5 21. Rxf5 Qg6 22. Raf1
Rae8 23. Bc3 e3 24. Qe2 Ng4 25. Rxf8 Bxf8 26. Bh3 h5 27. Bxg4 hxg4 28. Rf4 Bh6 29.
Rxg4 Qb1+ 30. Kg2 Rf8 31. Be1 Qf5  1/2-1/2

[Event "5. Kaltern-Trophy 2022 Open B"]
[Site "Kaltern"]
[Date "2022.10.22"]
[Round "2"]
[Board "6"]
[White "Galise, Francesco"]
[Black "Riedelsheimer, Julia"]
[Result "1-0"]
[WhiteElo "1520"]
[BlackElo "1682"]
[PlyCount "63"]
[EventDate "2022.10.21"]
[EventRounds "5"]
[EventCountry "ITA"]

1. e4 Nc6 2. Nf3 g6 3. d4 d6 4. c3 Bg7 5. Be2 Nf6 6. Qc2 O-O 7. O-O e5 8. dxe5 Nxe5
9. Nxe5 dxe5 10. Nd2 Ne8 11. Nf3 h6 12. h3 Nd6 13. Re1 f5 14. Bd3 f4 15. b3 g5 16.
Nh2 h5 17. Be2 Qe8 18. Ba3 Qg6 19. f3 Rd8 20. Rad1 Be6 21. Rd2 Nf7 22. Red1 Rxd2
23. Rxd2 Nh6 24. Qd1 g4 25. hxg4 hxg4 26. Nxg4 Nxg4 27. fxg4 Qxe4 28. Rd8+ Rxd8 29.
Qxd8+ Kh7 30. Bd3 Qxd3 31. Qxd3+ Kh6 32. Qh3+  1-0

[Event "5. Kaltern-Trophy 2022 Open B"]
[Site "Kaltern"]
[Date "2022.10.22"]
[Round "2"]
[Board "7"]
[White "Lantschner, Carmen"]
[Black "Casisa, Davide"]
[Result "1-0"]
[WhiteElo "1673"]
[BlackElo "1443"]
[PlyCount "114"]
[EventDate "2022.10.21"]
[EventRounds "5"]
[EventCountry "ITA"]

1. e4 e6 2. d4 d5 3. exd5 exd5 4. Bf4 Nf6 5. Nf3 Bd6 6. Bxd6 Qxd6 7. Bd3 Qb4+ 8.
Nbd2 Qxb2 9. Qe2+ Kf8 10. O-O Qa3 11. Rfe1 Nc6 12. Nb3 Qd6 13. h3 b6 14. c3 Bd7 15.
Ne5 Re8 16. Nxd7+ Qxd7 17. Qc2 g6 18. Nd2 Kg7 19. Bb5 Re6 20. Qa4 Rhe8 21. Nf3 Qd6
22. Qc2 Rxe1+ 23. Nxe1 Re6 24. Nd3 Qe7 25. Nf4 Re1+ 26. Rxe1 Qxe1+ 27. Kh2 Na5 28.
f3 c6 29. Be2 Qf2 30. Nd3 Qe3 31. Ne5 c5 32. Qb2 cxd4 33. cxd4 Nh5 34. Bb5 Qf4+ 35.
Kg1 Ng3 36. Kf2 Ne4+ 37. Kg1 Nd6 38. Be2 Nf5 39. Kf1 Qe3 40. Ng4 Ng3+ 41. Ke1 Qg1+
42. Kd2 Qxg2 43. Kd3 Qxh3 44. Qd2 Qh5 45. Kc3 Nxe2+ 46. Qxe2 Qf5 47. Qe3 Qc8+ 48.
Kd3 Qc4+ 49. Kd2 Qxa2+ 50. Ke1 Qb1+ 51. Kf2 Qf5 52. Qh6+ Kg8 53. Qe3 Qe6 54. Qg5
h5 55. Nf6+ Kf8 56. Nxd5 Kg7 57. Nf4 Kf8  1-0

[Event "5. Kaltern-Trophy 2022 Open B"]
[Site "Kaltern"]
[Date "2022.10.22"]
[Round "2"]
[Board "8"]
[White "Tomisich, Claudio"]
[Black "Wurzer, Gerhard"]
[Result "0-1"]
[WhiteElo "1438"]
[BlackElo "1898"]
[PlyCount "86"]
[EventDate "2022.10.21"]
[EventRounds "5"]
[EventCountry "ITA"]

1. e4 c6 2. d4 Qc7 3. Nf3 d6 4. c4 e5 5. d5 Nf6 6. Nc3 Be7 7. Be2 Nbd7 8. Qc2 Nf8
9. h3 Ng6 10. O-O O-O 11. Be3 c5 12. Nh2 Bd7 13. f4 Nxf4 14. Bxf4 exf4 15. Rxf4 Ne8
16. Raf1 Bg5 17. R4f3 Qd8 18. Bd3 g6 19. Re1 Bf6 20. Ne2 Qe7 21. b3 Be5 22. Qd2 Kg7
23. Nf1 h6 24. Ne3 Nf6 25. Nc2 Rae8 26. Ng3 Nh7 27. Qf2 Ng5 28. Rfe3 b6 29. h4 Nh7
30. Ne2 Nf6 31. Rf1 Ng4 32. Qe1 Nxe3 33. Nxe3 h5 34. g3 Bh3 35. Ng2 Qd7 36. Kh2 Bg4
37. Ne3 Qe7 38. Nxg4 Qxh4+ 39. Kg2 Qxg4 40. Nf4 h4 41. Be2 Qxg3+ 42. Qxg3 hxg3 43.
Kxg3 g5  0-1

[Event "5. Kaltern-Trophy 2022 Open B"]
[Site "Kaltern"]
[Date "2022.10.22"]
[Round "2"]
[Board "9"]
[White "Posch, Thomas"]
[Black "Budai, Federico"]
[Result "0-1"]
[WhiteElo "1850"]
[BlackElo "1666"]
[PlyCount "28"]
[EventDate "2022.10.21"]
[EventRounds "5"]
[EventCountry "ITA"]

1. c4 c5 2. g3 g6 3. Bg2 Bg7 4. Nc3 Nc6 5. a3 e6 6. Rb1 Nge7 7. Nf3 O-O 8. O-O d5
9. cxd5 exd5 10. d3 h6 11. Bd2 Be6 12. b4 cxb4 13. axb4 b6 14. Nb5 Qd7  0-1

[Event "5. Kaltern-Trophy 2022 Open B"]
[Site "Kaltern"]
[Date "2022.10.22"]
[Round "2"]
[Board "10"]
[White "Gasparro, Antonio"]
[Black "Casadio, Lorenzo"]
[Result "0-1"]
[WhiteElo "1569"]
[BlackElo "1795"]
[PlyCount "74"]
[EventDate "2022.10.21"]
[EventRounds "5"]
[EventCountry "ITA"]

1. d4 Nf6 2. Nf3 d5 3. e3 c5 4. c4 Nc6 5. cxd5 Nxd5 6. e4 Qa5+ 7. Bd2 Ndb4 8. d5
Nd4 9. Nxd4 cxd4 10. a3 e6 11. Qb3 exd5 12. Bxb4 Bxb4+ 13. Qxb4 Qxb4+ 14. axb4 dxe4
15. Nd2 f5 16. Bc4 Ke7 17. O-O Be6 18. Rfd1 Rhd8 19. Bxe6 Kxe6 20. f3 Ke5 21. fxe4
fxe4 22. Re1 e3 23. Ra5+ Rd5 24. Rxd5+ Kxd5 25. Nf3 Rc8 26. Rd1 Rc4 27. Kf1 Rxb4
28. Ke1 a5 29. b3 b6 30. Ke2 Ke4 31. h3 a4 32. bxa4 Rb2+ 33. Ke1 Rxg2 34. Nxd4 Rg1+
35. Ke2 Rxd1 36. Kxd1 Kxd4 37. Ke2 g5  0-1

[Event "5. Kaltern-Trophy 2022 Open B"]
[Site "Kaltern"]
[Date "2022.10.22"]
[Round "2"]
[Board "11"]
[White "Budai, Leonardo"]
[Black "Agolzer, Luca"]
[Result "1-0"]
[WhiteElo "1748"]
[BlackElo "1369"]
[PlyCount "101"]
[EventDate "2022.10.21"]
[EventRounds "5"]
[EventCountry "ITA"]

1. e4 c5 2. Nf3 d6 3. d4 cxd4 4. Nxd4 Nf6 5. Nc3 a6 6. Be2 e6 7. Be3 Nc6 8. O-O Be7
9. f4 Qc7 10. Bf3 Bd7 11. Nb3 h5 12. Na4 b5 13. Nb6 Rb8 14. Nxd7 Nxd7 15. Bxh5 g6
16. Be2 Bf6 17. c3 Ke7 18. Nd4 Rh7 19. Nf3 Rbh8 20. h3 e5 21. fxe5 Ncxe5 22. Nxe5
Bxe5 23. Bd4 Rh4 24. Bg4 R8h7 25. Bxd7 Qxd7 26. Qf3 Qe6 27. Rac1 Rxh3 28. gxh3 Rxh3
29. Qxf7+ Qxf7 30. Rxf7+ Kxf7 31. Bxe5 dxe5 32. Re1 Rd3 33. Kf2 Rd2+ 34. Re2 Rxe2+
35. Kxe2 Ke6 36. Kf3 Kd6 37. Kg4 Kc5 38. Kg5 Kc4 39. Kxg6 Kd3 40. Kf5 a5 41. Kxe5
Kc2 42. Kd5 Kxb2 43. e5 Kxc3 44. e6 b4 45. e7 a4 46. e8=Q a3 47. Qe3+ Kb2 48. Qb3+
Ka1 49. Qxb4 Kxa2 50. Kc4 Ka1 51. Qxa3+  1-0

[Event "5. Kaltern-Trophy 2022 Open B"]
[Site "Kaltern"]
[Date "2022.10.22"]
[Round "2"]
[Board "12"]
[White "Huchler, Stefan"]
[Black "Zanin, Luca"]
[Result "1-0"]
[WhiteElo "1539"]
[BlackElo "1669"]
[PlyCount "95"]
[EventDate "2022.10.21"]
[EventRounds "5"]
[EventCountry "ITA"]

1. e4 c5 2. c3 g6 3. Nf3 Bg7 4. d4 cxd4 5. cxd4 d5 6. e5 Bg4 7. Be2 Nc6 8. O-O e6
9. h3 Bxf3 10. Bxf3 Qb6 11. Qa4 Qxd4 12. Qb3 Qb4 13. Qc2 Bxe5 14. a3 Nd4 15. Qd3
Nxf3+ 16. Qxf3 Qd6 17. Nc3 Ne7 18. Bg5 O-O 19. Rad1 f5 20. Rfe1 Nc6 21. Bh6 Rfe8
22. Qd3 a6 23. b4 b5 24. Ne2 Rad8 25. Bg5 Rd7 26. f4 Bg7 27. Bh4 d4 28. Bg3 Qd5 29.
Rc1 Bf8 30. Kh1 Kf7 31. Ng1 e5 32. fxe5 Nxe5 33. Rxe5 Rxe5 34. Bxe5 Qxe5 35. Nf3
Qd5 36. Rc5 Bxc5 37. bxc5 Qxc5 38. Ng5+ Kf6 39. Nf3 Qc3 40. Qe2 Qe3 41. Qc2 d3 42.
Qc6+ Ke7 43. Qc3 d2 44. Qxe3+ Kd8 45. Nxd2 Re7 46. Qb6+ Ke8 47. Nf3 Kf7 48. Qxa6
 1-0

[Event "5. Kaltern-Trophy 2022 Open B"]
[Site "Kaltern"]
[Date "2022.10.22"]
[Round "2"]
[Board "13"]
[White "Stivaletta, Andrea"]
[Black "Taufer, Livio"]
[Result "0-1"]
[WhiteElo "1667"]
[BlackElo "1534"]
[PlyCount "46"]
[EventDate "2022.10.21"]
[EventRounds "5"]
[EventCountry "ITA"]

1. e4 d5 2. exd5 Qxd5 3. Nc3 Qd8 4. d4 Nf6 5. Nf3 Bg4 6. Be2 e6 7. O-O Nbd7 8. Re1
c6 9. h3 Bxf3 10. Bxf3 Be7 11. Bf4 O-O 12. Qe2 Qb6 13. Rab1 Qxd4 14. Bg3 Qb6 15.
Ne4 Nxe4 16. Bxe4 Nf6 17. Bd3 Rad8 18. Be5 Qc5 19. c3 Nd7 20. Bd4 Qg5 21. Qe4 g6
22. Bxa7 Bc5 23. h4 Qf6  0-1

[Event "5. Kaltern-Trophy 2022 Open B"]
[Site "Kaltern"]
[Date "2022.10.22"]
[Round "2"]
[Board "14"]
[White "Boaron, Arianna"]
[Black "Mancin, Michele"]
[Result "1/2-1/2"]
[WhiteElo "1381"]
[BlackElo "1606"]
[PlyCount "81"]
[EventDate "2022.10.21"]
[EventRounds "5"]
[EventCountry "ITA"]

1. e4 c5 2. Nf3 d6 3. d4 cxd4 4. Nxd4 Nf6 5. Nc3 a6 6. Bg5 e6 7. f4 Be7 8. Qf3 Qc7
9. O-O-O Bd7 10. f5 Nc6 11. fxe6 fxe6 12. Nxc6 Qxc6 13. Bxf6 Bxf6 14. Qh5+ g6 15.
Qf3 O-O 16. Qd3 Be5 17. Be2 b5 18. h4 b4 19. Nb1 Qa4 20. Qb3 Rf2 21. Bc4 Qxb3 22.
axb3 Rxg2 23. Nd2 Rf8 24. Rhf1 Bf4 25. Bxa6 Rh2 26. c3 bxc3 27. bxc3 Rxh4 28. Kc2
Rh2 29. Bc4 Kg7 30. Kd3 e5 31. Rh1 Rxd2+ 32. Rxd2 Bxd2 33. Kxd2 Rf2+ 34. Ke3 Rf4
35. Ra1 Bc6 36. Ra7+ Kh6 37. Bd3 d5 38. exd5 Bxd5 39. Ra5 Bxb3 40. Rxe5 Rh4 41. Re7
 1/2-1/2

[Event "5. Kaltern-Trophy 2022 Open B"]
[Site "Kaltern"]
[Date "2022.10.22"]
[Round "2"]
[Board "15"]
[White "Marinig, Lorenzo"]
[Black "Straub, Jochen"]
[Result "1/2-1/2"]
[WhiteElo "1257"]
[BlackElo "1752"]
[PlyCount "51"]
[EventDate "2022.10.21"]
[EventRounds "5"]
[EventCountry "ITA"]

1. d4 d6 2. Bf4 Nf6 3. c4 c6 4. e3 Qa5+ 5. Nd2 e5 6. Bg3 Ne4 7. Ngf3 Bg4 8. Be2 Nd7
9. Qc2 d5 10. Nxe5 Nxd2 11. Bxg4 Nxe5 12. Bxe5 Nxc4+ 13. Ke2 Nxe5 14. dxe5 Be7 15.
Rhd1 Qb5+ 16. Rd3 O-O 17. Qb3 Qxb3 18. Rxb3 b6 19. Bd7 c5 20. Rd3 Rad8 21. e6 fxe6
22. Bxe6+ Kh8 23. Rxd5 Rxd5 24. Bxd5 Bf6 25. Rb1 g6 26. b3  1/2-1/2